Mechanics of materials (Record no. 7098)

000 -LEADER
fixed length control field 00515nam a2200193 a 4500
001 - CONTROL NUMBER
control field 7098
003 - CONTROL NUMBER IDENTIFIER
control field BD-DhUET
008 - FIXED-LENGTH DATA ELEMENTS--GENERAL INFORMATION
fixed length control field 900618s1991 nyua 001 0 eng
040 ## - CATALOGING SOURCE
Original cataloging agency DLC
Transcribing agency DLC
Modifying agency BD-DhUET
082 00 - DEWEY DECIMAL CLASSIFICATION NUMBER
Classification number 620.11
Item number LAU/1954
100 ## - MAIN ENTRY--PERSONAL NAME
Personal name Laurson,Philip Gustave
245 10 - TITLE STATEMENT
Title Mechanics of materials
250 ## - EDITION STATEMENT
Edition statement 3rd ed.
260 ## - PUBLICATION, DISTRIBUTION, ETC. (IMPRINT)
Place of publication, distribution, etc. New York
Name of publisher, distributor, etc. John wiley & sons
Date of publication, distribution, etc. 1954
300 ## - PHYSICAL DESCRIPTION
Extent vii, 414 p.
Other physical details ill.
Dimensions 25 cm.
650 #0 - SUBJECT ADDED ENTRY--TOPICAL TERM
Topical term or geographic name as entry element Strength of materials engineering
700 ## - ADDED ENTRY--PERSONAL NAME
Personal name Cox, William Junkin
942 ## - ADDED ENTRY ELEMENTS (KOHA)
Koha item type General Book
Holdings
Shelving location Koha full call number Koha normalized classification for sorting Date acquired Koha date last seen Koha item type Source of classification or shelving scheme Copy number Koha date last borrowed Not for loan Price effective from Koha issues (times borrowed) Piece designation (barcode) Lost status Sublocation or collection (holding branch) Location (home branch) Withdrawn status Damaged status
Circulation section620.11/LAU/1954620_000000000000000_11LAU19542014-12-072019-12-04General Book 12019-10-30 2014-12-07174309 Central Library, BUETCentral Library, BUET  
Circulation section620.11/LAU/1954620_000000000000000_11LAU19542014-12-072014-12-07General Book 2  2014-12-07 74310 Central Library, BUETCentral Library, BUET  
Circulation section620.11/LAU/1954620_110000000000000_LAU_19542015-03-302015-03-30General Book 3  2015-03-30 17491 Central Library, BUETCentral Library, BUET  
Circulation section620.11/LAU/1954620_110000000000000_LAU_19542015-04-302015-04-30General Book 4  2015-04-30 54025 Central Library, BUETCentral Library, BUET  
Circulation section620.11/LAU/1954620_110000000000000_LAU_19542015-04-302015-04-30General Book 5  2015-04-30 54027 Central Library, BUETCentral Library, BUET  
Reading section620.11/LAU/1964620_110000000000000_LAU_19642015-06-202015-06-20Reading Item 6  2015-06-20 54022 Central Library, BUETCentral Library, BUET  
Reading section620.11/LAU/1964620_110000000000000_LAU_19642015-06-202015-06-20Reading Item 7  2015-06-20 54018 Central Library, BUETCentral Library, BUET  
Reading section620.11/LAU/1954620_110000000000000_LAU_19542015-06-292015-06-29Reading Item 8  2015-06-29 54028 Central Library, BUETCentral Library, BUET  
Reading section620.11/LAU/1964620_110000000000000_LAU_19642015-06-292015-06-29Reading Item 9  2015-06-29 54019 Central Library, BUETCentral Library, BUET  
Reading section620.11/LAU/1964620_110000000000000_LAU_19642015-06-292015-06-29Reading Item 10  2015-06-29 54020 Central Library, BUETCentral Library, BUET  
Reading section620.11/LAU/1954620_110000000000000_LAU_19542015-07-012015-07-01Reading Item 11  2015-07-01 54014 Central Library, BUETCentral Library, BUET